000 00303nam a22001457a 4500
008 221108b ||||| |||| 00| 0 eng d
020 _a0080204058
041 _aeng
080 _a159.9
082 _a159.9
100 _a25
101 _aPSI
245 _aHUMAN MEMORY
_cEYSENCK M
942 _2udc
_cBK
999 _c58784
_d58784